LEADER 01137nam a2200289 4500 001 000000367453 003 CaOOAMICUS 005 20260427143545.0 008 260427s2026 it 000 u ita r 020 $a978-88-929875-5-5 040 $aSeMil$bita 100 1 $aPirola, Alessandro.$0(OLS)http://semarc/name/65384 245 10$aCurare è un'opera buona per tutti /$cAlessandro Pirola ; prefazione di Giorgio Vittadini. 264 1$aMilano :$bAres,$c2026. 300 $a125 p. ;$c17 cm 490 1 $aFuochi 650 4$aCura - Aspetti etici.$0(OLS)http://semarc/subject/45324 700 1 $aVittadini, Giorgio.$0(OLS)http://semarc/name/44532 830 0$aFuochi.$0(OLS)http://semarc/title/6314 850 $aSeMil 852 $aSeMil$W1$xVenegono$y1$m2C I 827$j271046$B258150$CSeMilBibl$Z2$F258150 $81 941 1 $a7 961 $aOmaggio mons. Mario Delpini 996 $6020$a978-88-929875-5-5$9(OLS)http://semarc/number/305746 996 $6245$aCurare è un'opera buona per tutti$9(OLS)http://semarc/title/459391 996 $6264$aMilano :$bAres$9(OLS)http://semarc/publisher/30250